[Event "ICS rated blitz match"]
[Site "204.178.125.65"]
[Date "2000.10.14"]
[Round "?"]
[White "Themanfromrio"]
[Black "Hossa"]
[Result "0-1"]
[WhiteElo "2004"]
[BlackElo "2588"]
[PlyCount "50"]
[EventDate "2000.??.??"]

1. e4 Nf6 2. e5 Nd5 3. d4 d6 4. c4 Nb6 5. exd6 exd6 6. Bd3 Nc6 7. Ne2 Nb4 8.
Nbc3 Nxd3+ 9. Qxd3 Be7 10. O-O O-O 11. b3 Re8 12. d5 Nd7 13. f4 Nc5 14. Qc2 g6
15. Be3 Bf5 16. Qd2 Ne4 17. Nxe4 Bxe4 18. Ng3 Bf6 19. Rae1 Bh4 20. Bd4 f5 21.
Nxe4 Bxe1 22. Rxe1 Rxe4 23. Rxe4 fxe4 24. Bc3 c6 25. Qd4 Qb6 {
Themanfromrio resigns} 0-1

[Event "ICS rated blitz match"]
[Site "204.178.125.65"]
[Date "2000.10.14"]
[Round "?"]
[White "Hossa"]
[Black "Tinker"]
[Result "1-0"]
[WhiteElo "2589"]
[BlackElo "2342"]
[PlyCount "121"]
[EventDate "2000.??.??"]

1. c4 e5 2. Nc3 d6 3. g3 Nf6 4. Nf3 Nc6 5. d4 exd4 6. Nxd4 Nxd4 7. Qxd4 Be7 8.
Bg2 O-O 9. O-O c6 10. Rd1 Be6 11. Bf4 Nh5 12. Bxd6 Qxd6 13. Qxd6 Bxd6 14. Rxd6
Bxc4 15. b3 Be6 16. Ne4 Bd5 17. Nc5 Bxg2 18. Kxg2 b6 19. Nd7 Rfe8 20. e3 Re6
21. Rad1 b5 22. Rxe6 fxe6 23. Rd6 Re8 24. Rxc6 Nf6 25. Rc7 a6 26. Nxf6+ gxf6
27. Ra7 e5 28. Rxa6 Rf8 29. Rb6 Ra8 30. Rxf6 b4 31. Rb6 Rxa2 32. Rxb4 Kf7 33.
Kf3 Rc2 34. Rb7+ Kg6 35. Re7 Rc5 36. Ke4 Rb5 37. Re6+ Kf7 38. Rxe5 Rxb3 39. f3
Rb4+ 40. Kf5 Rb2 41. h4 Rb6 42. Rd5 Rf6+ 43. Ke4 Ke6 44. Rb5 Rf8 45. f4 Rd8 46.
Rh5 Rh8 47. Kf3 Kf6 48. e4 Kg7 49. Rd5 Rb8 50. Kg4 Rb7 51. h5 Kf6 52. e5+ Ke7
53. Ra5 Rc7 54. f5 h6 55. Ra6 Rc4+ 56. Kf3 Rc3+ 57. Ke4 Rc4+ 58. Kd5 Rb4 59.
Rxh6 Rb5+ 60. Ke4 Rb4+ 61. Kf3 {Tinker resigns} 1-0

[Event "ICS rated blitz match"]
[Site "204.178.125.65"]
[Date "2000.10.14"]
[Round "?"]
[White "Hossa"]
[Black "Tinker"]
[Result "1/2-1/2"]
[WhiteElo "2595"]
[BlackElo "2337"]
[PlyCount "53"]
[EventDate "2000.??.??"]

1. d4 d5 2. c4 dxc4 3. e4 b5 4. a4 e5 5. dxe5 Qxd1+ 6. Kxd1 Bc5 7. Nc3 Na6 8.
axb5 Nb4 9. Nd5 Nxd5 10. exd5 Bb7 11. Bxc4 Ne7 12. Ke1 Nxd5 13. Nf3 O-O 14. Bd2
Rfe8 15. Rc1 Bb6 16. Kf1 Rac8 17. Kg1 Re7 18. Rd1 Bc5 19. Bg5 Rd7 20. Rc1 Bb6
21. Rc2 Re8 22. Rd2 Bc5 23. Bf4 Red8 24. Bg5 Re8 25. Bf4 Red8 26. Bg5 Re8 27.
Bf4 {Game drawn by repetition} 1/2-1/2

[Event "ICS rated blitz match"]
[Site "204.178.125.65"]
[Date "2000.10.15"]
[Round "?"]
[White "Tinker"]
[Black "Hossa"]
[Result "1-0"]
[WhiteElo "2351"]
[BlackElo "2585"]
[PlyCount "117"]
[EventDate "2000.??.??"]

1. e4 Nf6 2. e5 Nd5 3. c4 Nb6 4. c5 Nd5 5. d4 d6 6. Nf3 dxc5 7. dxc5 e6 8. Bg5
f6 9. exf6 gxf6 10. Ne5 Bxc5 11. Qh5+ Ke7 12. Qf7+ Kd6 13. Nc4+ Kc6 14. Na5+
Kb6 15. Nc4+ Ka6 16. Nca3+ b5 17. Bxb5+ Kb7 18. Bd2 Qg8 19. Qxg8 Rxg8 20. O-O
Bd7 21. Bd3 f5 22. Kh1 Nc6 23. Nc3 Bxa3 24. bxa3 Nb6 25. Rab1 Ne5 26. Be2 Bc6
27. f3 Rad8 28. Bh6 Kb8 29. Ba6 Nf7 30. Be3 Bb7 31. Bxb7 Kxb7 32. Nb5 Nd6 33.
Rfe1 Nxb5 34. Rxb5 Rd5 35. Rxd5 exd5 36. Bd4 Nc4 37. Re7 h6 38. Be5 Rc8 39. Bf4
Kb6 40. Rf7 c6 41. Bxh6 Re8 42. h4 Re2 43. Bg7 Nd6 44. Rf8 a6 45. h5 Rc2 46.
Bd4+ Kb5 47. h6 Rc4 48. h7 Rxd4 49. h8=Q Kc5 50. Rf6 Rd1+ 51. Kh2 Nb5 52. Qf8+
Kb6 53. a4 Rc1 54. Qb4 Rc5 55. a5+ Kc7 56. Qxc5 Kc8 57. Qxc6+ Kd8 58. Rf7 Nc7
59. Qd7# {Hossa checkmated} 1-0

[Event "ICS rated standard match"]
[Site "204.178.125.65"]
[Date "2000.10.15"]
[Round "?"]
[White "Hossa"]
[Black "Trompovsky"]
[Result "1/2-1/2"]
[WhiteElo "2381"]
[BlackElo "2175"]
[PlyCount "81"]
[EventDate "2000.??.??"]

1. e4 c5 2. Nf3 Nc6 3. Nc3 g6 4. Bb5 Bg7 5. O-O Nf6 6. d3 O-O 7. Bg5 Nd4 8. Bc4
d6 9. Nxd4 cxd4 10. Nd5 Nxd5 11. Bxd5 Qc7 12. Qd2 Re8 13. Rac1 Bd7 14. Bh6 Bh8
15. Qf4 e6 16. Bc4 Bc6 17. Qh4 Qd7 18. Bb3 d5 19. f3 Rac8 20. a3 Ba4 21. Bxa4
Qxa4 22. Rf2 Rc5 23. Qf4 Qd7 24. e5 Qc7 25. Re2 f6 26. exf6 Qxf4 27. Bxf4 Bxf6
28. Rce1 Kf7 29. Bh6 Rc6 30. f4 Rec8 31. Rc1 Be7 32. Bg5 Rb6 33. Bxe7 Kxe7 34.
Rb1 Rbc6 35. Rbe1 Kf7 36. Rc1 Rb6 37. Rb1 Rbc6 38. Rc1 Rb6 39. Rb1 Rbc6 40. Rc1
Rb6 41. Rb1 {Game drawn by repetition} 1/2-1/2

[Event "ICS rated standard match"]
[Site "204.178.125.65"]
[Date "2000.10.15"]
[Round "?"]
[White "PELE-CHESS"]
[Black "Hossa"]
[Result "0-1"]
[WhiteElo "2166"]
[BlackElo "2372"]
[PlyCount "63"]
[EventDate "2000.??.??"]

1. e4 e5 2. Nf3 Nc6 3. Bc4 Be7 4. d4 d6 5. dxe5 dxe5 6. Qxd8+ Bxd8 7. Bb5 Bd7
8. Bxc6 Bxc6 9. Nc3 Bf6 10. O-O Ne7 11. Bg5 Bxg5 12. Nxg5 Bd7 13. h3 f6 14. Nf3
b5 15. Rad1 b4 16. Nd5 Nxd5 17. Rxd5 O-O-O 18. Rfd1 Bc6 19. Rxd8+ Rxd8 20.
Rxd8+ Kxd8 21. Nd2 a5 22. f3 a4 23. a3 bxa3 24. bxa3 g6 25. Kf2 Kd7 26. Ke3 Kd6
27. Kd3 Bb5+ 28. Kc3 Kc5 29. Kb2 Kd4 30. Nb1 Bf1 31. c3+ Kd3 32. Kc1 {
PELE-CHESS resigns} 0-1

[Event "ICS rated blitz match"]
[Site "204.178.125.65"]
[Date "2000.10.15"]
[Round "?"]
[White "Hossa"]
[Black "steve"]
[Result "1-0"]
[WhiteElo "2560"]
[BlackElo "2094"]
[PlyCount "65"]
[EventDate "2000.??.??"]

1. c4 e6 2. Nc3 Bb4 3. Qc2 Nf6 4. a3 Bxc3 5. bxc3 d6 6. d4 h6 7. e4 e5 8. Nf3
Qe7 9. Bd3 O-O 10. c5 Nbd7 11. cxd6 cxd6 12. O-O b6 13. Nh4 Nb8 14. f4 exd4 15.
cxd4 d5 16. e5 Ne4 17. Bxe4 dxe4 18. Qxe4 Bb7 19. Nf5 Qd7 20. d5 Na6 21. Nd6
Nc5 22. Qf3 Ba6 23. Rd1 f6 24. Qc3 Rad8 25. Be3 Na4 26. Qc2 g5 27. fxg5 fxe5
28. Qg6+ Qg7 29. Qe6+ Kh8 30. Nf5 Rxf5 31. Qxf5 Nc3 32. gxh6 Qc7 33. d6 {
steve resigns} 1-0

[Event "ICS rated blitz match"]
[Site "204.178.125.65"]
[Date "2000.10.15"]
[Round "?"]
[White "Tinker"]
[Black "Hossa"]
[Result "0-1"]
[WhiteElo "2390"]
[BlackElo "2562"]
[PlyCount "140"]
[EventDate "2000.??.??"]

1. e4 e5 2. Nf3 Nc6 3. Bc4 Be7 4. d3 Nf6 5. c3 O-O 6. Bg5 Na5 7. Nxe5 Nxc4 8.
Nxc4 d5 9. Bxf6 Bxf6 10. Ncd2 dxe4 11. Nxe4 Be5 12. Qc2 Re8 13. O-O Qh4 14. g3
Qe7 15. f4 Bd6 16. Nbd2 Bh3 17. Rfe1 Qd7 18. Nxd6 Qxd6 19. Nc4 Qc5+ 20. Qf2 Qd5
21. Ne3 Qxd3 22. Rad1 Qb5 23. f5 f6 24. Rd5 Qb6 25. a4 Rad8 26. a5 Qc6 27. c4
a6 28. Red1 Rxd5 29. Rxd5 Qa4 30. Rd3 Qxa5 31. Ra3 Qb6 32. Rd3 a5 33. Qf3 Qxb2
34. Qh5 Qb1+ 35. Kf2 Kf8 36. Qd1 Qb2+ 37. Qd2 Qxd2+ 38. Rxd2 Re5 39. Rd8+ Ke7
40. Rb8 b6 41. g4 Kd6 42. Rd8+ Kc6 43. Rd3 h5 44. gxh5 Bxf5 45. Rd4 Bh7 46. Rh4
Re4 47. Rh3 f5 48. Rf3 f4 49. Nd5 Rxc4 50. Nxf4 Bg8 51. Ng6 Rc2+ 52. Kg3 Kc5
53. Re3 Bh7 54. Nf8 Kd4 55. Re7 Bg8 56. Rxg7 Bd5 57. Rd7 c6 58. h6 Rg2+ 59. Kh3
Rg8 60. Rd8 Kc3 61. h7 Rh8 62. Kg4 Be4 63. Rc8 c5 64. Kg5 Bxh7 65. h4 a4 66.
Ra8 b5 67. h5 b4 68. Ra7 Rxf8 69. Rxh7 b3 70. Re7 b2 {Tinker resigns} 0-1

[Event "ICS rated blitz match"]
[Site "204.178.125.65"]
[Date "2000.10.15"]
[Round "?"]
[White "Hossa"]
[Black "Tinker"]
[Result "0-1"]
[WhiteElo "2571"]
[BlackElo "2381"]
[PlyCount "142"]
[EventDate "2000.??.??"]

1. d4 d5 2. c4 dxc4 3. Nf3 b5 4. Nc3 c6 5. a4 b4 6. Nb1 Ba6 7. e3 Nf6 8. Be2
Qd5 9. O-O e6 10. Ne5 Nfd7 11. f4 Nxe5 12. fxe5 Be7 13. Rf4 O-O 14. e4 Qd7 15.
Rg4 Rd8 16. Bh6 Bf8 17. Be3 Bc5 18. Rf4 Bxd4 19. Bxd4 Qxd4+ 20. Qxd4 Rxd4 21.
Kf2 Nd7 22. Ke3 c5 23. Nd2 Nxe5 24. Rh4 c3 25. bxc3 bxc3 26. Nf3 Nxf3 27. Bxf3
Rd3+ 28. Kf4 e5+ 29. Kg3 Rad8 30. Rc1 R8d4 31. a5 f5 32. Kf2 Bb7 33. Be2 fxe4
34. Rh5 e3+ 35. Ke1 c4 36. Rxe5 Bxg2 37. Rc5 Bd5 38. Rc8+ Kf7 39. Rc7+ Kf6 40.
Rxa7 Rh4 41. Ra6+ Ke5 42. Ra7 Rxh2 43. Rxg7 Rd2 44. Re7+ Kd6 45. Rxe3 Rdxe2+
46. Rxe2 Rh1+ 47. Kf2 Rxc1 48. Ke3 Ra1 49. Rh2 Rxa5 50. Rxh7 Ra2 51. Rh8 Rd2
52. Rh6+ Ke5 53. Rh5+ Kd6 54. Rh6+ Kc5 55. Ra6 Rd3+ 56. Ke2 c2 57. Ra1 Bf3+ 58.
Kf2 Rd1 59. Ra5+ Kd4 60. Ra6 c1=Q 61. Rd6+ Bd5 62. Rxd5+ Kxd5 63. Kf3 Qf4+ 64.
Kxf4 c3 65. Kg4 c2 66. Kg5 Ke6 67. Kf4 c1=R 68. Kg4 Rc3 69. Kh5 Rg1 70. Kh4 Kf7
71. Kh5 Rh3# {Hossa checkmated} 0-1

[Event "ICS rated blitz match"]
[Site "204.178.125.65"]
[Date "2000.10.15"]
[Round "?"]
[White "Tinker"]
[Black "Hossa"]
[Result "1/2-1/2"]
[WhiteElo "2405"]
[BlackElo "2547"]
[PlyCount "202"]
[EventDate "2000.??.??"]

1. e4 e5 2. Nf3 Nc6 3. Bc4 Be7 4. d3 Nf6 5. Qe2 d6 6. Bd2 O-O 7. h3 Be6 8. Bxe6
fxe6 9. O-O Qe8 10. Na3 Nd4 11. Nxd4 exd4 12. Nc4 Qf7 13. Ba5 b6 14. Bb4 b5 15.
Na5 c5 16. Bd2 Rac8 17. a4 bxa4 18. Rxa4 Nd7 19. Nc4 Rc7 20. Qg4 d5 21. exd5
exd5 22. Na5 Ne5 23. Qe2 Bd6 24. b3 Re7 25. Qd1 Qf5 26. Ra2 Ref7 27. f3 a6 28.
Qe1 Qg6 29. f4 Bc7 30. Qf2 Nd7 31. Qh4 Rf6 32. Raa1 Qf7 33. Nb7 Rb6 34. Na5 Rh6
35. Qf2 Bb6 36. Nb7 Nb8 37. Na5 Rf6 38. Rfe1 Nd7 39. g3 Ba7 40. Qg2 Nb6 41. Re2
Bb8 42. Rae1 Nc8 43. b4 c4 44. dxc4 dxc4 45. Nc6 c3 46. Bc1 Bd6 47. Rd1 Qh5 48.
Rxd4 Qb5 49. Ne5 Bxb4 50. Nd7 Bc5 51. Nxf6+ gxf6 52. Be3 Bxd4 53. Bxd4 Rd8 54.
Be3 Rd1+ 55. Kf2 Qh5 56. g4 Qb5 57. Qe4 Nd6 58. Qe6+ Kg7 59. Qe7+ Nf7 60. f5
Rd6 61. Bf4 Qb6+ 62. Kg3 Rd8 63. Bc7 Qg1+ 64. Rg2 Qd4 65. Bxd8 Qxd8 66. Qxd8
Nxd8 67. Kh4 Nc6 68. Rg3 Nd4 69. Rxc3 a5 70. Rc4 Nf3+ 71. Kg3 Ne5 72. Rc5 a4
73. Ra5 Nc4 74. Ra7+ Kh6 75. Rxa4 Ne3 76. c4 Kg5 77. h4+ Kh6 78. Kf3 Nd1 79.
Ra7 Nc3 80. g5+ fxg5 81. hxg5+ Kxg5 82. f6 Kxf6 83. Rxh7 Ke5 84. Rh5+ Kd6 85.
Ra5 Kc6 86. Ke3 Nd1+ 87. Kd4 Nf2 88. Rg5 Kd6 89. c5+ Ke6 90. Rd5 Nh3 91. c6 Ng1
92. c7 Kf7 93. Kc4 Ne2 94. Rd6 Ke7 95. Rc6 Nf4 96. Kb3 Kf7 97. Ra6 Kg7 98. Rd6
Kf7 99. Ra6 Kg7 100. Rd6 Kf7 101. Ra6 Kg7 {Game drawn by repetition} 1/2-1/2

[Event "ICS rated blitz match"]
[Site "204.178.125.65"]
[Date "2000.10.15"]
[Round "?"]
[White "QueenMaxima"]
[Black "Hossa"]
[Result "0-1"]
[WhiteElo "2565"]
[BlackElo "2541"]
[PlyCount "186"]
[EventDate "2000.??.??"]

1. d4 Nf6 2. Bf4 d5 3. e3 c5 4. c3 cxd4 5. cxd4 Nc6 6. Nc3 Bf5 7. Bd3 Bxd3 8.
Qxd3 e6 9. Qb5 Qd7 10. Nge2 a6 11. Qb6 Bb4 12. O-O Rc8 13. a3 Ba5 14. Qc5 Bc7
15. a4 b6 16. Qa3 Na5 17. Bxc7 Nc4 18. Qb4 Qxc7 19. Rfc1 Ng4 20. Ng3 Na5 21.
Na2 Nc6 22. Qa3 a5 23. Rc3 h5 24. Rac1 Qd7 25. Qb3 h4 26. Ne2 Qd6 27. f4 h3 28.
Qxb6 Kd7 29. g3 Nf6 30. Kh1 Ng4 31. Qa6 Rc7 32. b3 Rb8 33. Kg1 Nf6 34. Qd3 Ne4
35. R3c2 Qa3 36. Rb1 Ke8 37. Nec1 Qf8 38. Qa6 Qd6 39. Nd3 Qd7 40. Rbc1 Rbc8 41.
b4 Nxd4 42. Qxc8+ Qxc8 43. Rxc7 Nf3+ 44. Kh1 Qa6 45. Rc8+ Ke7 46. b5 Qb6 47.
R8c7+ Kf6 48. Nc3 Qxe3 49. Nxe4+ dxe4 50. Ne5 Nxe5 51. fxe5+ Kxe5 52. R7c5+ Kf6
53. R5c3 Qd4 54. Rc4 Qd5 55. Kg1 e3 56. R4c2 Qe4 57. Kf1 Qxa4 58. Ke2 Qxb5+ 59.
Kxe3 Kg6 60. Rc5 Qb2 61. R1c2 Qa1 62. Rc1 Qa2 63. R1c2 Qb1 64. Rc1 Qb4 65. Rc7
a4 66. R1c4 Qe1+ 67. Kd3 Qf1+ 68. Ke3 Qg1+ 69. Kf3 Qg2+ 70. Ke3 Qxh2 71. Rg4+
Kh5 72. Rcc4 g5 73. Kd3 Qg1 74. Rxa4 h2 75. Rh4+ gxh4 76. Rxh4+ Kg5 77. Kc4
Qxg3 78. Rh8 Qh4+ 79. Rxh4 Kxh4 80. Kc5 Kg3 81. Kd6 h1=B 82. Ke5 Kf2 83. Kf6
Ke1 84. Kxf7 e5 85. Kf6 e4 86. Ke6 e3 87. Kd6 e2 88. Ke5 Kf1 89. Kd4 e1=Q 90.
Kc4 Qa5 91. Kd3 Qc5 92. Kd2 Be4 93. Kd1 Qc2# {QueenMaxima checkmated} 0-1

[Event "ICS rated blitz match"]
[Site "204.178.125.65"]
[Date "2000.10.15"]
[Round "?"]
[White "Hossa"]
[Black "QueenMaxima"]
[Result "1-0"]
[WhiteElo "2558"]
[BlackElo "2548"]
[PlyCount "129"]
[EventDate "2000.??.??"]

1. e4 c5 2. Nf3 e6 3. d4 d5 4. exd5 exd5 5. Bb5+ Nc6 6. O-O cxd4 7. Nxd4 Bd7 8.
Re1+ Be7 9. Nf3 Nf6 10. Nc3 Bg4 11. h3 Bxf3 12. Qxf3 O-O 13. Bg5 Nd4 14. Qd3
Ne6 15. Bxf6 Bxf6 16. Nxd5 Bxb2 17. Rab1 Bd4 18. Qe4 b6 19. Red1 Bc5 20. Bc6
Rb8 21. c4 Qg5 22. Rb3 Rbc8 23. Bb5 Qg6 24. Qxg6 hxg6 25. Rbd3 Nc7 26. Bd7 Nxd5
27. Bxc8 Nf4 28. Rd8 Ne2+ 29. Kf1 Nd4 30. Rxf8+ Kxf8 31. Bb7 Ke7 32. g3 g5 33.
Bd5 Nc2 34. Ke2 Nb4 35. Rd2 a6 36. Bb7 a5 37. a3 Nc2 38. Rxc2 Bxa3 39. Bd5 Bc5
40. Ra2 Kf6 41. Kd3 Kg6 42. Bc6 Kf6 43. Rb2 Bb4 44. Re2 Bc5 45. Ke4 Ke6 46. g4
Ba3 47. Kd3+ Kf6 48. Bb5 Bc5 49. Kc3 Ba3 50. Kd4 Bb4 51. Kd5 Bc5 52. Ra2 Kg6
53. Rxa5 bxa5 54. Kxc5 f5 55. Kb6 f4 56. c5 Kf6 57. c6 Ke5 58. c7 Ke4 59. Be2
f3 60. Bb5 a4 61. c8=Q Ke5 62. Qf5+ Kd6 63. Bd7 Ke7 64. Qe6+ Kf8 65. Qe8# {
QueenMaxima checkmated} 1-0

[Event "ICS rated blitz match"]
[Site "204.178.125.65"]
[Date "2000.10.15"]
[Round "?"]
[White "QueenMaxima"]
[Black "Hossa"]
[Result "0-1"]
[WhiteElo "2532"]
[BlackElo "2574"]
[PlyCount "130"]
[EventDate "2000.??.??"]

1. d4 Nf6 2. Bf4 d5 3. e3 c5 4. c3 cxd4 5. cxd4 Nc6 6. Nc3 Bf5 7. Bd3 Bxd3 8.
Qxd3 e6 9. Qb5 Qd7 10. Nge2 a6 11. Qb6 Bb4 12. O-O Rc8 13. a3 Ba5 14. Qc5 Bc7
15. a4 b6 16. Qa3 Na5 17. Rac1 Nc4 18. Qa2 Bxf4 19. Nxf4 Nd2 20. Rfd1 Nc4 21.
b3 Na5 22. Qa3 Nc6 23. e4 dxe4 24. d5 Qe7 25. Qxe7+ Nxe7 26. dxe6 O-O 27. exf7+
Rxf7 28. Nh3 h6 29. Re1 Rc5 30. b4 Rc4 31. b5 axb5 32. axb5 g5 33. Red1 Nf5 34.
Nd5 Rxc1 35. Nxf6+ Rxf6 36. Rxc1 Kf7 37. Rc4 Nd6 38. Rc7+ Kg6 39. g4 Nxb5 40.
Re7 Nc3 41. Rc7 Na4 42. Rc8 Nc5 43. Kf1 Nd3 44. Re8 Rf3 45. Kg2 b5 46. Rxe4
Rxh3 47. Rd4 Nf4+ 48. Kh1 Rd3 49. Rxd3 Nxd3 50. Kg2 b4 51. Kf3 b3 52. Ke3 Nb4
53. Kd4 b2 54. f3 b1=Q 55. Kc4 Nd3 56. Kd4 Qf1 57. Ke3 Ne1 58. h4 Qxf3+ 59. Kd2
gxh4 60. g5 Qd3+ 61. Kxe1 Qc2 62. gxh6 Kxh6 63. Kf1 h3 64. Ke1 h2 65. Kf1 h1=Q#
{QueenMaxima checkmated} 0-1

[Event "ICS rated blitz match"]
[Site "204.178.125.65"]
[Date "2000.10.15"]
[Round "?"]
[White "Hossa"]
[Black "nyul"]
[Result "1-0"]
[WhiteElo "2588"]
[BlackElo "2231"]
[PlyCount "119"]
[EventDate "2000.??.??"]

1. e4 e5 2. Nf3 Nc6 3. Bb5 a6 4. Ba4 Nf6 5. d3 b5 6. Bb3 Bc5 7. Nc3 d6 8. O-O
Bg4 9. Be3 Nd4 10. Bxd4 Bxd4 11. Rb1 Bb6 12. Nd5 Nxd5 13. Bxd5 Rb8 14. Bc6+ Bd7
15. Bxd7+ Qxd7 16. d4 exd4 17. Nxd4 Bxd4 18. Qxd4 O-O 19. Rfe1 Rbe8 20. c4 c5
21. Qd3 Qc6 22. Rbd1 Re6 23. f3 Rfe8 24. Rf1 bxc4 25. Qxc4 Qb5 26. Qxb5 axb5
27. Rd5 Ra8 28. a3 g6 29. Rfd1 Ra6 30. R1d3 Rb6 31. Rb3 Kg7 32. a4 b4 33. Rbd3
b3 34. Kf2 c4 35. Rc3 Rb4 36. a5 Ra4 37. Ke3 Re5 38. Kd4 Rxd5+ 39. Kxd5 Rxa5+
40. Kxc4 Ra1 41. Kxb3 Rh1 42. h3 Kf6 43. Ka4 Ra1+ 44. Kb5 Ke6 45. b4 Ra2 46. g3
Kd7 47. Rd3 Kc7 48. Kc4 Rc2+ 49. Rc3 Rb2 50. f4 Kd7 51. Ra3 Kc7 52. Ra7+ Kb6
53. Rxf7 Rg2 54. Rd7 Kc6 55. Rxh7 Rxg3 56. b5+ Kb6 57. Rd7 Rxh3 58. Rxd6+ Kc7
59. Rxg6 Rh4 60. Rf6 {nyul resigns} 1-0

[Event "ICS rated blitz match"]
[Site "204.178.125.65"]
[Date "2000.10.15"]
[Round "?"]
[White "nyul"]
[Black "Hossa"]
[Result "0-1"]
[WhiteElo "2227"]
[BlackElo "2592"]
[PlyCount "64"]
[EventDate "2000.??.??"]

1. e4 e5 2. Nf3 Nc6 3. Bc4 Nf6 4. d3 Bc5 5. O-O d6 6. Be3 Bxe3 7. fxe3 Na5 8.
Bb3 Nxb3 9. axb3 O-O 10. Nc3 Ng4 11. Qe1 Kh8 12. h3 Nf6 13. Nh4 Be6 14. Nf5 Nd7
15. Qg3 Rg8 16. Nd5 Bxf5 17. Rxf5 f6 18. Raf1 c6 19. Nc3 b5 20. Ne2 Qa5 21. Rh5
g6 22. Rh6 Qd2 23. Rf2 Qxc2 24. Qg4 Rad8 25. Qh4 Rg7 26. Ng3 Qxd3 27. Kh2 Qxe3
28. Rc2 Rc8 29. Rc3 Qd2 30. Rf3 Qxb2 31. Qg4 Qd2 32. Rh4 f5 {nyul resigns} 0-1

[Event "ICS rated blitz match"]
[Site "204.178.125.65"]
[Date "2000.10.15"]
[Round "?"]
[White "Hossa"]
[Black "ida1"]
[Result "1-0"]
[WhiteElo "2595"]
[BlackElo "2020"]
[PlyCount "27"]
[EventDate "2000.??.??"]

1. e4 c5 2. Nf3 d6 3. b4 cxb4 4. d4 Nc6 5. d5 Ne5 6. Nxe5 dxe5 7. Qh5 Nf6 8.
Qxe5 e6 9. Bb5+ Bd7 10. dxe6 fxe6 11. Qxe6+ Be7 12. Bxd7+ Nxd7 13. Bb2 Rf8 14.
Bxg7 {ida1 resigns} 1-0

[Event "ICS rated blitz match"]
[Site "204.178.125.65"]
[Date "2000.10.15"]
[Round "?"]
[White "warps"]
[Black "Hossa"]
[Result "1-0"]
[WhiteElo "2546"]
[BlackElo "2596"]
[PlyCount "155"]
[EventDate "2000.??.??"]

1. e4 e6 2. Nf3 c5 3. d4 cxd4 4. Nxd4 Nf6 5. Bd3 d5 6. exd5 Nxd5 7. O-O Be7 8.
Qg4 O-O 9. Bh6 Bf6 10. Qe4 Re8 11. Be3 g6 12. Bb5 Bd7 13. Bxd7 Nxd7 14. Rd1
Nxe3 15. fxe3 Qb6 16. b3 Rad8 17. Na3 Qc5 18. Nc4 b5 19. Na5 Rc8 20. a3 Bg5 21.
h4 f5 22. Qd3 Ne5 23. Qe2 Bh6 24. b4 Qc3 25. Nxb5 Qxe3+ 26. Qxe3 Bxe3+ 27. Kh1
Rxc2 28. Rd6 Ng4 29. Rc6 Rc8 30. Rxc8+ Rxc8 31. Nb3 e5 32. Nd6 Rc6 33. Nb7 Rc4
34. Nd6 Nf2+ 35. Kh2 Rxh4+ 36. Kg3 Rg4+ 37. Kf3 f4 38. Ne4 Rxg2 39. Kxg2 Nxe4
40. Rd1 Nf6 41. Na5 Bb6 42. Rd6 Kf7 43. Nc4 Ke7 44. Rc6 Bd4 45. Nd2 Nd7 46. Kf3
Kd8 47. Ke4 Nb8 48. Rc2 Ke7 49. Nf3 Kd6 50. Rd2 Ke6 51. Nxd4+ exd4 52. Kxf4 Nc6
53. b5 Ne7 54. Rxd4 h6 55. Ra4 Nd5+ 56. Kg3 Nc7 57. Ra5 Nd5 58. Rxa7 Kf5 59.
Ra6 Nc3 60. Rc6 Ne2+ 61. Kh2 Nd4 62. Rc5+ Ke6 63. b6 Nf3+ 64. Kh3 Kd6 65. Rc8
Ne5 66. b7 Nd7 67. Rd8 Kc7 68. Rxd7+ Kxd7 69. b8=Q Ke7 70. Qb6 Kf7 71. Qe3 h5
72. a4 Kf8 73. a5 Kg7 74. Qe7+ Kh8 75. a6 g5 76. a7 g4+ 77. Kh4 Kg8 78. a8=Q# {
Hossa checkmated} 1-0

[Event "ICS rated blitz match"]
[Site "204.178.125.65"]
[Date "2000.10.15"]
[Round "?"]
[White "warps"]
[Black "Hossa"]
[Result "1-0"]
[WhiteElo "2577"]
[BlackElo "2578"]
[PlyCount "149"]
[EventDate "2000.??.??"]

1. e4 e5 2. Nf3 Nc6 3. d4 exd4 4. Nxd4 Qh4 5. Nxc6 Qxe4+ 6. Be2 dxc6 7. O-O Be6
8. Nc3 Qh4 9. g3 Qd8 10. Bf4 Bd6 11. Qd2 Qe7 12. Bxd6 cxd6 13. Rad1 d5 14. Qf4
Nf6 15. Rd3 O-O 16. Re1 Bh3 17. Re3 Qd7 18. Na4 d4 19. Re5 b6 20. Rd1 c5 21. b3
Rae8 22. Bf3 Rxe5 23. Qxe5 Re8 24. Qg5 Qe6 25. Qd2 Nd7 26. Bb7 b5 27. Nb2 Qb6
28. Bd5 Qa6 29. Nd3 Qf6 30. Re1 Re7 31. Rxe7 Qxe7 32. Bc6 a6 33. Bxd7 Qxd7 34.
Qf4 Qc8 35. Qd6 c4 36. bxc4 bxc4 37. Nf4 Bg4 38. Nd5 Qe8 39. Ne7+ Kf8 40. Nc6+
Kg8 41. Nxd4 Qe1+ 42. Kg2 h6 43. Qc6 Be6 44. Nxe6 Qxe6 45. Qxe6 fxe6 46. Kf3
Kf7 47. Ke4 Ke7 48. Kd4 Kd6 49. Kxc4 Kc6 50. Kd4 Kd6 51. f4 h5 52. c4 Kc6 53.
Ke5 Kd7 54. c5 a5 55. c6+ Kxc6 56. Kxe6 Kc5 57. Kf7 Kd5 58. Kxg7 Ke6 59. Kg6
Ke7 60. f5 Ke8 61. Kg7 Kd7 62. f6 Ke6 63. f7 Kf5 64. f8=Q+ Ke4 65. Qa8+ Kd4 66.
Qa7+ Ke4 67. Qxa5 h4 68. gxh4 Kd4 69. h5 Ke4 70. h6 Kd4 71. h7 Ke4 72. h8=Q Kd4
73. Qh3 Ke4 74. Qaf5+ Kd4 75. Qhd3# {Hossa checkmated} 1-0

[Event "ICS rated blitz match"]
[Site "204.178.125.65"]
[Date "2000.10.15"]
[Round "?"]
[White "Hossa"]
[Black "Interceptor"]
[Result "0-1"]
[WhiteElo "2562"]
[BlackElo "2694"]
[PlyCount "96"]
[EventDate "2000.??.??"]

1. e4 c5 2. Nf3 e6 3. d4 cxd4 4. Nxd4 a6 5. Bd3 Bc5 6. Nb3 Ba7 7. Nc3 Nc6 8.
Qe2 d6 9. Be3 Nf6 10. Bxa7 Rxa7 11. a4 e5 12. Nd5 O-O 13. O-O Be6 14. Rfd1 Bxd5
15. exd5 Na5 16. Nd2 Qb6 17. b3 Nxd5 18. Bxh7+ Kh8 19. Be4 Nf4 20. Qg4 d5 21.
g3 dxe4 22. gxf4 exf4 23. Qxf4 e3 24. fxe3 Qg6+ 25. Kh1 Qh5 26. Nf3 Kg8 27. e4
b6 28. Rd5 Qh7 29. Ng5 Qh6 30. Rf5 Rd7 31. b4 Nc6 32. c3 f6 33. Qf2 Ne5 34.
Qxb6 Ng4 35. Nf3 Rd2 36. h4 Rc2 37. Qe6+ Kh7 38. Ng5+ Kh8 39. Nf7+ Rxf7 40.
Qe8+ Kh7 41. Qb8 Qe3 42. Rh5+ Kg6 43. Rh6+ gxh6 44. Qg8+ Rg7 45. h5+ Kxh5 46.
Qd5+ Kh4 47. Qd2 Rxd2 48. Rc1 Rh2# {Hossa checkmated} 0-1

[Event "ICS rated standard match"]
[Site "204.178.125.65"]
[Date "2000.10.15"]
[Round "?"]
[White "CyberTal"]
[Black "Hossa"]
[Result "0-1"]
[WhiteElo "2340"]
[BlackElo "2379"]
[PlyCount "130"]
[EventDate "2000.??.??"]

1. e4 c5 2. Nf3 d6 3. d4 cxd4 4. Nxd4 e5 5. Bb5+ Nd7 6. Nb3 Ngf6 7. Nc3 a6 8.
Bxd7+ Bxd7 9. Be3 Be7 10. f3 O-O 11. Qd2 Be6 12. O-O-O Bxb3 13. cxb3 b5 14. Kb1
b4 15. Nd5 Nxd5 16. Qxd5 a5 17. g4 Rc8 18. h4 Re8 19. g5 Rf8 20. Rhg1 Qd7 21.
Rg3 a4 22. Rdg1 Kh8 23. h5 axb3 24. Qxb3 Qb7 25. g6 fxg6 26. Qd3 Qa8 27. hxg6
b3 28. a3 h6 29. Bxh6 Qc6 30. Be3 Qc2+ 31. Qxc2 bxc2+ 32. Kc1 Kg8 33. R1g2 Bd8
34. Rxc2 Rb8 35. Rh2 Rf6 36. Rhg2 Rb3 37. Bg5 Rfxf3 38. Rxf3 Bxg5+ 39. Rxg5
Rxf3 40. Kd2 Rf4 41. Ke3 Rf1 42. Rg2 Re1+ 43. Kd3 Rd1+ 44. Kc3 Rc1+ 45. Kb3 Kf8
46. Rf2+ Ke7 47. a4 Re1 48. a5 Re3+ 49. Kb4 Rxe4+ 50. Kb5 Rf4 51. Rc2 Rf8 52.
Rc7+ Ke6 53. a6 Rb8+ 54. Rb7 Ra8 55. Kb6 d5 56. a7 d4 57. Rb8 Rxa7 58. Kxa7 Ke7
59. Rb7+ Kf6 60. Rd7 Ke6 61. Rd8 Ke7 62. Rd5 Ke6 63. Rc5 d3 64. b4 d2 65. Rc6+
Kd7 {CyberTal resigns} 0-1